01112 2200337 4500001002100000005001500021035002000036007000300056008004100059020002200100082001000122084001900132100001400151245008400165250001700249300003800266650001000304650001400314700003000328520020200358264004400560336002100604337003000625338002300655990001600678990001600694990001600710990001600726990001600742990001600758INLIS00000000116284820230103101351 a0010-0123000015ta230103 g 0 ind  a978-602-5702-23-5 a634.3 aSR 634.3 AIN p0 aAina Siwi1 aProspek agribisnis budidaya jeruk nipis /cAina Siwi; penyunting, Eista Swaesti aCetakan 2022 a136 halaman :bilustrasi ;c21 cm 4aJeruk 4aPenanaman0 aEista Swaestiepenyunting aBuku ini membahas tentang seluk beluk dari tanaman jeruk nipis, cara membudidayakan , serta tips dan trik memulai bisnis dari jeruk nipis yang menghasilkan dan meningkatkan kesejahteraan masyarakat aMalang :bLembaga Kajian Profesi,c2022 2rdacontentateks 2rdamediaatanpa perantara 2rdacarrieravolume a51568.64388 a51569.64389 a51569.64389 a51568.64388 a51568.64388 a51569.64389